banner-ar

الارادة الثلاثية و اليقين الطريق لتنمية قدرات الجهاز الادارى / (Record no. 62669)

MARC details
000 -الفاتح
حقل البيانات ثابتة الطول 01229nam a22002777a 4500
005 - وقت وتاريخ اخر تعامل مع التسجيلة
رقم الضبط 20240530110601.0
008 - عناصر البيانات ثابتة الطول - معلومات عامة
حقل البيانات ثابتة الطول 160203s2014 ua ad g b 000 0 ara d
017 ## - رقم الايداع القانونى
رقم الايداع القانونى 2014/9024
المصدر ( الهيئة المختصة) مصر . دار الكتب المصرية
020 ## - الرقم الدولى المعيارى للكتب
الرقم الدولى المعيارى للكتاب 9789779016757
040 ## - مصدر الفهرسة
وكالة الفهرسة الأصلية EG-CaGPL
082 04 - رقم تصنيف ديوى العشرى
رقم الطبعة 21
رقم التصنيف 658.402\
رقم المادة أ إ
100 0# - المدخل الرئيسى - إسم شخصى
الإسم الشخصى احمد محمد المامون الصافى
245 12 - بيان العنوان
العنوان الارادة الثلاثية و اليقين الطريق لتنمية قدرات الجهاز الادارى /
بيان المسئوليه,etc تاليف احمد محمد المامون الصافى
260 ## - PUBLICATION, DISTRIBUTION, ETC. (IMPRINT)
تاريخ النشر أو التوزيع 2014 .
300 ## - الوصف المادى
التعداد 164 ص :
تفاصيل ماديه اخرى للوعاء جداول ،
أبعاد الوعاء 24 سم +
المادة المصاحبة ملاحق .
504 ## - تبصرة ببليوجرافية
تبصرة ببليوجرافية,الخ يشتمل على ارجاعات ببليوجرافية
650 04 - المدخل الاضافى بالموضوع-مصطلح موضوعى
مصطلح موضوعي الادارة التنفيذية
650 04 - المدخل الاضافى بالموضوع-مصطلح موضوعى
مصطلح موضوعي دراسة الجدوى
650 04 - المدخل الاضافى بالموضوع-مصطلح موضوعى
مصطلح موضوعي ادارة الافراد
650 04 - المدخل الاضافى بالموضوع-مصطلح موضوعى
مصطلح موضوعي العلاقات الوظيفية
650 04 - المدخل الاضافى بالموضوع-مصطلح موضوعى
مصطلح موضوعي تقييم الوظائف
650 04 - المدخل الاضافى بالموضوع-مصطلح موضوعى
مصطلح موضوعي ادارة الاعمال
التقسيم الفرعي العام سلوك
650 04 - المدخل الاضافى بالموضوع-مصطلح موضوعى
مصطلح موضوعي ادارة الاعمال
التقسيم الفرعي العام اخلاقيات
942 ## - عناصر المدخل الإضافي( كوها)
مصدر التصنيف او مخطط الترفيف Dewey Decimal Classification
Koha [default] item type كتاب
260 ## - PUBLICATION, DISTRIBUTION, ETC. (IMPRINT)
-- القاهرة :
-- شركة ايبيس للنشر و التوزيع و خدمات المعلومات ،
Holdings
حالة التراجع حالة الفقد حالة تلف ليس للاعارة المكان المؤقت الموقع الحالى تاريخ الاكتساب اجمالي اﻻعارات رقم الطلب الباركود تاريخ اخر مشاهدة تاريخ تفعيل السعر نوع وعاء كوها
        مكتبة القاهرة الكبرى مكتبة القاهرة الكبرى 09/18/2016   658.402\ أ إ 162465 09/18/2016 09/18/2016 كتاب

Powered By

EGPV